000 01552nam a2200493 i 4500
001 38513
003 KOSZ 005
005 20210115122257.0
008 000814s2000 pl a f f |001 0 pol
015 _aUWD 2000/15427
020 _a8320425425
035 _a991014505879705066
035 _a(PL-WaBN)b13900651-48omnis_nlop
035 _ab13900651
035 _a(OCoLC)749183819
035 _a(PL)b0000001390065
035 _a(EXLNZ-48OMNIS_NETWORK)9910200911805606
040 _aWA N
_cWA N
_dKOSZ 005/HR
041 0 _apol
046 _k2000
080 _a543.5
080 _a(075.8)
100 1 _aWitkiewicz, Zygfryd
_d(1940- )
_eAutor
245 1 0 _aPodstawy chromatografii /
_cZygfryd Witkiewicz.
250 _aWyd. 3 rozsz.
260 _aWarszawa :
_bWydawnictwa Naukowo-Techniczne,
_c2000.
300 _a442 s. :
_bil. ;
_c21 cm.
336 _aTekst
_btxt
_2rdacontent
337 _aBez urządzenia pośredniczącego
_bn
_2rdamedia
338 _aWolumin
_bnc
_2rdacarrier
380 _aKsiążki
380 _aPublikacje dydaktyczne
385 _mPoziom nauczania
_aSzkoły wyższe
388 _a1901-2001
388 _a1989-2000
504 _aBibliogr. przy rozdz. - Indeks.
650 7 _aChromatografia
_2DBN
655 7 _aPodręczniki akademickie
_2DBN
658 _aChemia
710 2 _aWydawnictwa Naukowo-Techniczne
_4pbl
856 _uhttp://koha.tu.koszalin.pl/cgi-bin/koha/opac-detail.pl?biblionumber=38513
_yKatalog online BPK
942 _2UKD
_cKS
999 _c38513
_d38513